Music Quiz

Random Music or Word Ladder Quiz

Word Ladder: David Bowie Albums Quiz Stats

 Plays Quiz not verified by Sporcle

Challenge
Share
Tweet
Embed
Score 0/51 Timer 05:00
0 Plays Today
Clue 4-Letter Word % Correct
• The ___ and Fall of Ziggy … ••RISE•
96.3%
• Hunky ___•DORY•
96.1%
Center of an appleCORE
92.7%
Wintertime ailmentCOLD
92.4%
Type of slawCOLE
91.4%
Geek or nerdDORK
91.1%
• ___ Dance ••LET'S•
90.6%
• ... Stardust & the Spiders from ___•MARS•
90.3%
• Never Let Me ___•DOWN•
90.1%
Grade a paperMARK
88.5%
• The Man Who ___ The World ••SOLD•
87.7%
Montieth of 'Glee'CORY
87.7%
Board game of world conquestRISK
87.5%
Algebra, e.g.MATH
87.2%
Nowitzki of the NBADIRK
85.9%
• Aladdin ___•SANE•
85.9%
Early part of the dayDAWN
85.6%
Data storage mediumDISK
85.1%
Robin Williams' TV AlienMORK
85.1%
A country roadLANE
83.8%
SoloLONE
83%
Not as much asLESS
82.8%
• The ___ Day ••NEXT•
82.8%
Camping enclosureTENT
82.5%
Early part of the dayMORN
82%
Characters sent by phoneTEXT
81.7%
Clue 4-Letter Word % Correct
Ware for Walter WhiteMETH
80.9%
Word from Oliver TwistMORE
80.4%
Win in chessMATE
80.4%
• Diamond ___•DOGS•
79.9%
Team that plays at Citi FieldMETS
79.6%
Like fresh-cut grassMOWN
79.6%
One from Copenhagen, e.g.DANE
78.3%
Without in FrenchSANS
76%
Mend a sockDARN
75.5%
Batman villainBANE
75.2%
AngledBENT
74.9%
___ en sceneMISE
74.7%
Good in ItalianBENE
73.4%
Bog or swampMIRE
71.5%
Partner of truthDARE
71%
Force over accelerationMASS
68.7%
Give attitude toSASS
67.1%
Travolta's 'Wild ___'HOGS
63.7%
Type of theatre seatingLOGE
63.2%
Old Venetian leaderDOGE
62.7%
One of the Cartwright sonsHOSS
61.6%
Brand of gasolineHESS
61.4%
A bit of dustMOTE
59.8%
'Family Guy' pharmacistMORT
59.3%
Lucretia the suffragetteMOTT
52.5%

You're not logged in!

Compare scores with friends on all Sporcle quizzes.
Join for Free
OR
Log In

You Might Also Like...

Show Comments

Extras

Top Quizzes Today


Score Distribution

Your Account Isn't Verified!

In order to create a playlist on Sporcle, you need to verify the email address you used during registration. Go to your Sporcle Settings to finish the process.

Report this User

Report this user for behavior that violates our Community Guidelines.

Details: